Разработка составов и технологии получения пеностеклокристаллических материалов на основе кремнеземистого сырья: автореферат диссертации на соискание ученой степени кандидата технических наук; спец. 05.17.11

מידע ביבליוגרפי
מחבר ראשי: Душкина М. А. Мария Алексеевна
Corporate Authors: Национальный исследовательский Томский политехнический университет (ТПУ) Центр управления научно-исследовательским оборудованием (ЦУНИО), Национальный исследовательский Томский политехнический университет (ТПУ) Институт физики высоких технологий (ИФВТ) Кафедра технологии силикатов и наноматериалов (ТСН)
מחברים אחרים: Казьмина О. В. Ольга Викторовна (научный руководитель)
סיכום:Заглавие с титульного экрана
Электронная версия печатной публикации
שפה:רוסית
יצא לאור: Томск, 2015
נושאים:
גישה מקוונת:http://www.lib.tpu.ru/fulltext/a/2015/18.pdf
פורמט: אלקטרוני ספר
KOHA link:https://koha.lib.tpu.ru/cgi-bin/koha/opac-detail.pl?biblionumber=303495

MARC

LEADER 00000nlm0a2200000 4500
001 303495
005 20231223163449.0
035 |a (RuTPU)RU\TPU\book\328718 
035 |a RU\TPU\book\328697 
090 |a 303495 
100 |a 20150902d2015 k y0rusy50 ca 
101 0 |a rus 
102 |a RU 
105 |a a dm 001zy 
135 |a drgn ---uucaa 
181 0 |a i  
182 0 |a b 
200 1 |a Разработка составов и технологии получения пеностеклокристаллических материалов на основе кремнеземистого сырья  |e автореферат диссертации на соискание ученой степени кандидата технических наук  |e спец. 05.17.11  |f М. А. Душкина  |g Национальный исследовательский Томский политехнический университет (ТПУ), Центр управления научно-исследовательским оборудованием (ЦУНИО) ; науч. рук. О. В. Казьмина 
203 |a Текст  |c электронный 
210 |a Томск  |d 2015 
215 |a 1 файл (776 Kb) 
300 |a Заглавие с титульного экрана 
300 |a Электронная версия печатной публикации 
337 |a Adobe Reader 
452 1 |0 (RuTPU)RU\TPU\book\332622  |t Разработка составов и технологии получения пеностеклокристаллических материалов на основе кремнеземистого сырья  |o автореферат диссертации на соискание ученой степени кандидата технических наук  |o спец. 05.17.11  |f М. А. Душкина  |g Национальный исследовательский Томский политехнический университет (ТПУ), Кафедра технологии силикатов и наноматериалов ; науч. рук. О. В. Казьмина  |c Томск  |n [Б. и.]  |d 2015  |p 21 с.  |a Душкина, Мария Алексеевна 
606 1 |a Пеностекло  |x Химическая технология  |2 stltpush  |3 (RuTPU)RU\TPU\subj\34671  |9 56569 
610 1 |a авторефераты диссертаций 
610 1 |a электронный ресурс 
610 1 |a труды учёных ТПУ 
610 1 |a кремнеземистое сырье 
610 1 |a исходные материалы 
610 1 |a тонкодисперсные пески 
610 1 |a стеклогранулят 
610 1 |a силикатообразование 
610 1 |a стеклообразование 
610 1 |a шихта 
610 1 |a термообработка 
610 1 |a пенообразующие смеси 
610 1 |a вспенивание 
610 1 |a температурный режим 
610 1 |a пеностеклокристаллические материалы 
610 1 |a внешние факторы 
610 1 |a устойчивость 
610 1 |a комплексная оценка 
675 |a 666.189.3(04)  |v 4 
686 |a 05.17.11  |2 oksvnk 
700 1 |a Душкина  |b М. А.  |c специалист в области материаловедения  |c инженер-исследователь Томского политехнического университета  |f 1989-  |g Мария Алексеевна  |3 (RuTPU)RU\TPU\pers\30830 
702 1 |a Казьмина  |b О. В.  |c химик-технолог  |c профессор Томского политехнического университета, доктор технических наук  |f 1967-  |g Ольга Викторовна  |3 (RuTPU)RU\TPU\pers\26196  |4 727  |9 12004 
712 0 2 |a Национальный исследовательский Томский политехнический университет (ТПУ)  |b Центр управления научно-исследовательским оборудованием (ЦУНИО)  |3 (RuTPU)RU\TPU\col\20595 
712 0 2 |a Национальный исследовательский Томский политехнический университет (ТПУ)  |b Институт физики высоких технологий (ИФВТ)  |b Кафедра технологии силикатов и наноматериалов (ТСН)  |3 (RuTPU)RU\TPU\col\18694 
801 2 |a RU  |b 63413507  |c 20200826  |g RCR 
856 4 |u http://www.lib.tpu.ru/fulltext/a/2015/18.pdf 
942 |c CF